Informe remitido por la Cámara de Comercio de Manila á la Comisión permanente de relaciones comerciales de la Unión Ibero-Americana. (Record no. 184282)

MARC details
000 -LEADER
campo de control de longitud fija 00960nam a2200217 i 4500
001 - NÚMERO DE CONTROL
campo de control 184282
003 - IDENTIFICADOR DE NÚMERO DE CONTROL
campo de control ES-MaACL
005 - FECHA Y HORA DE LA ÚLTIMA TRANSACCIÓN
campo de control 20250901232443.0
008 - DATOS DE LONGITUD FIJA--INFORMACIÓN GENERAL
campo de control de longitud fija 150609s1897 sp |||| | spa d
080 ## - NÚMERO DE LA CLASIFICACIÓN DECIMAL UNIVERSAL
Número de la Clasificación Decimal Universal 339(599)
245 00 - MENCIÓN DEL TÍTULO
Título Informe remitido por la Cámara de Comercio de Manila á la Comisión permanente de relaciones comerciales de la Unión Ibero-Americana.
260 ## - PUBLICACIÓN, DISTRIBUCIÓN, ETC.
Lugar de publicación, distribución, etc. [S.l.] :
Nombre del editor, distribuidor, etc. [s.n.],
Fecha de publicación, distribución, etc. 1897 (
Lugar de fabricación/manufactura Madrid :
Fabricante Imp. de Adolfo Ruiz de Castroviejo)
300 ## - DESCRIPCIÓN FÍSICA
Extensión 15 p. ;
Dimensiones 22 cm.
530 ## - NOTA DISPONIBLE DE FORMULARIO FÍSICO ADICIONAL
Nota de formato físico adicional disponible Disponible en formato digital.
594 ## - Nota al título y mención de responsabilidad
Nota al título y mención de responsabilidad Precede al título: Unión Ibero-Americana.
650 #7 - PUNTO DE ACCESO ADICIONAL DE MATERIA--TÉRMINO DE MATERIA
Término de materia o nombre geográfico como elemento de entrada Comercio-
Subdivisión geográfica Filipinas
Fuente del encabezamiento o término
9 (RLIN) 156980
710 2# - ENTRADA AGREGADA--NOMBRE DE ENTIDAD CORPORATIVA
Nombre de entidad corporativa o nombre de jurisdicción como elemento de entrada Unión Ibero-Americana.
Unidad subordinada Comisión Permanente de Relaciones Comerciales.
9 (RLIN) 156976
852 ## - LOCALIZACIÓN
Ubicación ES-MaACL
Número de control de estantería T-810-F-4
Nota libre .- Enc. en un vol. facticio conservando la cub. original
856 ## - LOCALIZACIÓN Y ACCESO ELECTRÓNICOS
Identificador Uniforme de Recursos <a href="http://bdh-rd.bne.es/viewer.vm?id=0000114947&page=1 ">http://bdh-rd.bne.es/viewer.vm?id=0000114947&page=1 </a>
Nota pública Biblioteca Digital Hispánica
Holdings
Estatus retirado Estado de pérdida Estado de daño No para préstamo Colección Biblioteca de origen Biblioteca actual Ubicación en estantería Fecha de adquisición Fuente de adquisición Total de préstamos Signatura topográfica completa Código de barras Visto por última vez Precio de reemplazo Tipo de ítem Koha
        Colección de folletos Biblioteca del Ateneo de Madrid Biblioteca del Ateneo de Madrid Depósito folletos 09/06/2015     T-810-F-4 1193860 23/02/2023 23/02/2023 Folleto